| 000 | 00552nam a2200193 i 4500 | ||
|---|---|---|---|
| 001 | bgj | ||
| 100 | 1 |
_aTOLKIEN, John Ronald Reuel _d(1892-1973). |
|
| 245 | 1 | 0 |
_aThe Fellowship of the Ring / _cJ. R. R. Tolkien. |
| 260 |
_aNew York : _bBallantine Books, _cca. 1965. |
||
| 300 |
_aXIII, 527 pp : _bmap ; _c18 cm. |
||
| 500 | _aFirst ten pages missing. | ||
| 650 | 9 | _aFantasy fiction | |
| 650 | 9 | _aAdventure fiction | |
| 740 | 0 | 2 | _aThe Lord of the Rings |
| 040 | _cBPK | ||
| 041 | 0 | _aeng | |
| 942 | _cKS | ||
| 008 | s uk f |000 0 eng | ||
| 999 |
_c48676 _d48676 |
||
| 856 |
_uhttp://koha.tu.koszalin.pl/cgi-bin/koha/opac-detail.pl?biblionumber=48676 _yKatalog online BPK |
||